[Event "Stay Safe Play From Home 295"]
[Site "Emanuel Lasker Arena"]
[Date "2020.07.12"]
[Round "9"]
[White "Klasman"]
[Black "Parth11"]
[Result "0-1"]
[WhiteElo "1360"]
[BlackElo "1413"]
[Annotator "NA"]
[PlyCount "44"]
[EventDate "2020.07.12"]
[EventType "swiss (blitz)"]

1. f4 {[%emt 0:00:02]} e6 {[%emt 0:00:00]} 2. c4 {[%emt 0:00:02]} d5 {[%emt 0:00:00]} 3. cxd5 {[%emt 0:00:01]} exd5 {[%emt 0:00:00]} 4. d4 {[%emt 0:00:01]} Nc6 {[%emt 0:00:00]} 5. Nc3 {[%emt 0:00:01]} Nf6 {[%emt 0:00:00]} 6. Nf3 {[%emt 0:00:01]} Bd6 {[%emt 0:00:00]} 7. e3 {[%emt 0:00:02]} Be6 {[%emt 0:00:00]} 8. Bb5 {[%emt 0:00:01]} Qd7 {[%emt 0:00:00]} 9. Ne5 {[%emt 0:00:02]} Bxe5 {[%emt 0:00:01]} 10. fxe5 {[%emt 0:00:02]} Bg4 {[%emt 0:00:01]} 11. Qa4 {[%emt 0:00:06]} Ne4 {[%emt 0:00:03]} 12. Nxe4 {[%emt 0:00:03]} dxe4 {[%emt 0:00:00]} 13. O-O {[%emt 0:00:03]} Be6 {[%emt 0:00:05]} 14. Bd2 {[%emt 0:00:06]} a6 {[%emt 0:00:02]} 15. Bb4 {[%emt 0:00:04]} O-O-O {[%emt 0:00:16]} 16. Bxc6 {[%emt 0:00:05]} Qxc6 {[%emt 0:00:00]} 17. Qxc6 {[%emt 0:00:04]} bxc6 {[%emt 0:00:00]} 18. Rac1 {[%emt 0:00:01]} Bd5 {[%emt 0:00:01]} 19. Bc5 {[%emt 0:00:04]} Kb7 {[%emt 0:00:01]} 20. Rc3 {[%emt 0:00:02]} Rhe8 {[%emt 0:00:05]} 21. Rfc1 {[%emt 0:00:02]} Ka8 {[%emt 0:00:02]} 22. Ra3 {[%emt 0:00:02]} Kb7 {[%emt 0:00:02] Time (Lag: Av=1.22s, max=5.2s)} 0-1